000 00558nam a22001815i 4500
001 165505
003 ES-MaACL
005 20230906213142.0
008 050901s1883 fr | |||||||| ||fre d
040 _aCAM
_bspa
_cCAM
100 0 _aSófocles.
_9107023
245 1 0 _aThéatre de Sófocles /
_ctraduit en français par Louis Hambert.
260 _aParis :
_bGarnier Frères,
_c[1883?] (
_fImp. P. Mouillot)
300 _aVIII, 424 p. ;
_c19 cm.
596 _aPrólogo fechado en 1883.
852 _aES-MaACL
_jF-4931
_z-- Enc. hol.
999 _c165505
_d165505